| 000 | 00000cas 2200000zi 4500 |
| 001 | 9.936767 |
| 003 | CaOODSP |
| 005 | 20251230112829 |
| 006 | m o d f |
| 007 | cr ||||||||||| |
| 008 | 240412c20189999onctr p o f0###a0eng|d |
| 040 | |aCaOODSP|beng|erda|cCaOODSP |
| 043 | |an-cn--- |
| 086 | 1 |aA89-5E-PDF |
| 110 | 2 |aCanadian Dairy Commission.|eauthor, |eissuing body. |
| 245 | 10|aQuarterly financial report : |b... quarter, ... to ... |
| 246 | 33|aQuarterly financial report : |b... quarter of ... |
| 246 | 36|a... quarter financial report |
| 264 | 1|a[Ottawa] : |bCanadian Dairy Commission = Commission canadienne du lait, |c[2018?]- |
| 310 | |aThree times a year |
| 336 | |atext|btxt|2rdacontent |
| 337 | |acomputer|bc|2rdamedia |
| 338 | |aonline resource|bcr|2rdacarrier |
| 500 | |aTitle varies slightly. |
| 500 | |aIssued also in French under title: Rapport financier trimestriel : ... trimèstre de ... |
| 588 | |aDescription based on: 3rd quarter (February to April 2018); title from PDF cover page. |
| 588 | |aLatest issue consulted: Third quarter of 2023. |
| 610 | 20|aCanadian Dairy Commission|xFinance|vPeriodicals. |
| 650 | 0|aFinance, Public|zCanada|vPeriodicals. |
| 655 | 7|aPeriodicals|2lcgft |
| 775 | 08|tRapport financier trimestriel : |w(CaOODSP)9.936768 |